000 00540nam a2200193Ia 4500
005 20250923145929.0
008 008 250917s9999 xx 000 0 eng d
037 _aTextual
040 _aDSWL
_beng
_cDSWL
041 _aeng
_2eng
084 _aX.25 N7.7, N96
_qDSWL
245 0 _aEconomic survey 1995-96
_c by Ministry of Finance India
260 _aNew Delhi
_bAuthor
_c1996
300 _axviii,185,iiip.
365 _aINR
_b100.00
925 _g100.00
942 _cTEXL
_hX.25 N7.7, N96
999 _c1457498
_d1457498